000
00300nam a22001337a 4500
008
170922b xxu||||| |||| 00| 0 eng d
020
_a
2900195004259
041
_a
eng
080
_a
902
100
_a
402
101
_a
ARJ
245
_a
PAIDEA THE IDEALS CULTURE
_c
JAEGER.W
942
_2
udc
_c
BK
999
_c
28953
_d
28953